000 00946nam a2200313 a 4500
001 vtls001438691
003 NLI
005 20210627122020.0
008 121130n ii 000 0 eng
020 _cRs.30.00 (pbk.)
039 9 _y201211301643
_zVLOAD
040 _aNLI
_beng
_cDatasoft_GENG
_eAACR2
041 0 _aeng
044 _aii
082 0 4 _a344.5401
100 1 _aMuthuswamy, P.
_9990536
245 1 0 _aSwamy's compilation on Suspension and reinstatement :
_bincorporating orders received up to October, 1989 /
_cby P. Muthuswamy and V. Brinda
250 _a11th ed.
260 _aMadras :
_bSwamy Pub.,
_c[n.d.]
300 _axvi, 152 p. ;
_c21 cm.
650 0 _aLabor laws and legislation
_zIndia
700 1 _aBrinda, V
_9990537
887 _a
901 _aDB60514
_b31.10.1991
902 _aE 344.5401 M 983
904 _l599
949 _AVIRTUAITEM
_D10000
_X100
_6DBA000060514ENG
942 _2ddc
_cBKS
999 _aVIRTUA40
_c891746
_d891746